书目信息 |
| 题名: |
广东省东江——深圳供水工程原水生物预处理工艺的应用与研究
|
|
| 作者: | 叶旭全 主编 | |
| 分册: | ||
| 出版信息: | 北京 中国水利水电出版社 2003.07 |
|
| 页数: | 214页 | |
| 开本: | 23cm | |
| 丛书名: | ||
| 单 册: | ||
| 中图分类: | TU991.27 | |
| 科图分类: | ||
| 主题词: | 给水工程--gei shui gong cheng--水预处理--生物处理--广东省 | |
| 电子资源: | ||
| ISBN: | 7-5084-1581-7 | |
| 000 | 00902nam0 2200229 450 | |
| 001 | 012007908578 | |
| 005 | 20070927105712.51 | |
| 010 | @a7-5084-1581-7@dCNY38.00 | |
| 100 | @a20070629d2003 km y0chiy0120 ea | |
| 101 | 0 | @achi |
| 102 | @aCN@b110000 | |
| 105 | @aak a 000yy | |
| 200 | 1 | @a广东省东江——深圳供水工程原水生物预处理工艺的应用与研究@Aguang dong sheng dong jiang——shen zhen gong shui gong cheng yuan shui sheng wu yu chu li gong yi de ying yong yu yan jiu@f叶旭全主编@Fye xu quan zhu bian |
| 210 | @a北京@c中国水利水电出版社@d2003.07 | |
| 215 | @a214页@c图@d23cm | |
| 320 | @a有书目。 | |
| 330 | @a本书介绍了该工程的工程布置、水力条件、生物群落的培养保护、运行管理,以及工艺技术和注意事项等。 | |
| 606 | 0 | @a给水工程@Agei shui gong cheng@x水预处理@x生物处理@y广东省 |
| 690 | @aTU991.27@v4 | |
| 701 | 0 | @a叶旭全@Aye xu quan@4主编 |
| 801 | 0 | @aCN@c20070927 |
| 905 | @dTU991.27@eY461 | |
| 广东省东江——深圳供水工程原水生物预处理工艺的应用与研究/叶旭全主编.-北京:中国水利水电出版社,2003.07 |
| 214页:图;23cm |
| ISBN 7-5084-1581-7:CNY38.00 |
| 本书介绍了该工程的工程布置、水力条件、生物群落的培养保护、运行管理,以及工艺技术和注意事项等。 |
| ● |
| 相关链接 |
|
|
|
正题名:广东省东江——深圳供水工程原水生物预处理
索取号:TU991.27/Y461
 
预约/预借
| 序号 | 登录号 | 条形码 | 馆藏地/架位号 | 状态 | 备注 |
| 1 | 244599 | 202445997 | 建筑库201/201建筑库 135排2列5层/ [索取号:TU991.27/Y461] | 在馆 | |
| 2 | 244600 | 202446004 | 市政与环境工程学院资料室/101建筑库 97排2列5层/ [索取号:TU991.27/Y461] | 在馆 | |
| 3 | 244601 | 202446013 | 建筑库201/201建筑库 133排2列1层/ [索取号:TU991.27/Y461] | 在馆 |